El número en la educación preescolar
Saved in:
| Hovedforfatter: | |
|---|---|
| Format: | Bog |
| Sprog: | spansk |
| Udgivet: |
Madrid
Visor
1985
|
| Udgivelse: | 2a. ed |
| Serier: | Aprendizaje Visor, 9
|
| Fag: | |
| Tags: |
Tilføj Tag
Ingen Tags, Vær først til at tagge denne postø!
|
MARC
| LEADER | 00000nam a2200000 a 4500 | ||
|---|---|---|---|
| 001 | UCW3767 | ||
| 003 | CL-VaPUC | ||
| 008 | 890112e19850000SP |||||||||||||||||spa|d | ||
| 082 | 0 | 4 | |a 372.71 |b KAM |2 21 |
| 100 | |a Kamii, Constance Kazuko |e author |9 599018 | ||
| 245 | 1 | 3 | |a El número en la educación preescolar |
| 250 | |a 2a. ed | ||
| 300 | |a 96 p | ||
| 942 | |c BK | ||
| 945 | |d 19890112 00:00:00 | ||
| 260 | |a Madrid |b Visor |c 1985 | ||
| 600 | 0 | 7 | |a PIAGET, JEAN |2 CL-VaPUC |9 308149 |
| 650 | 0 | |a Aritmética |9 270049 | |
| 650 | 0 | |a Educación preescolar |9 260381 | |
| 583 | |a last modification |c 20170828 01:07:18 |k Rodrigo Vera | ||
| 490 | 0 | |a Aprendizaje Visor, 9 | |
| 999 | |c 217666 |d 217664 | ||
| 952 | |0 0 |1 0 |4 0 |6 372_710000000000000_KAM_1985 |7 0 |8 P |9 205669 |a BIBEDU |b BIBEDU |c BIBEDU_PB |d 2019-11-15 |i 273639K |o 372.71 KAM 1985 |p 273639K |r 2024-01-25 |w 2019-11-15 |y BK |k EDU | ||
| 952 | |0 0 |1 0 |4 0 |6 372_710000000000000_KAM_1985 |7 0 |8 P |9 205670 |a BIBEDU |b BIBEDU |c BIBEDU_PB |d 2019-11-15 |i 2736403 |o 372.71 KAM 1985 |p 2736403 |r 2024-01-25 |w 2019-11-15 |y BK |k EDU | ||